000 00814nam a2200253 a 4500
001 71846
003 BD-RjUL
005 20211209082153.0
008 170508s1966 ne a b 001 0 eng d
035 _a(BD-RjUL)72062
040 _aDLC
_cFMU
_dDLC
_dBD-RjUL
_beng
041 _aeng
082 _223
_a536.7
_bGRT 1966
100 1 _aGroot, S. R. de
_q(Sybren Ruurds de),
_d1916-
_9212522
245 0 0 _aThermodynamics of irreversible processes /
_cby S. R. de Groot
250 _a1st ed.
260 _aAmsterdam :
_bNorth-holland Pub.Co.;
_creprint 1963, 1966
300 _axvi, 242 p. :
_bill. ;
_c23 cm.
504 _aIncludes bibliography( p. 229- 235) and index
650 0 _aThermodynamics.
_9212523
650 0 _aChemistry, Physical and theoretical.
_9212524
942 _2ddc
_cBK
999 _c71846
_d71846